[Event "Budapest op 4th"]
[Site "Budapest"]
[Date "2014.08.19"]
[Round "4"]
[White "Mihajlova, Diana"]
[Black "Toth, Nikoletta"]
[Result "0-1"]
[WhiteElo "1492"]
[BlackElo "1193"]
[PlyCount "78"]
[EventDate "2014.08.16"]
[EventType "swiss"]
[EventRounds "9"]
[EventCountry "HUN"]
[SourceTitle "CBM 161 Extra"]
[Source "ChessBase"]
[SourceDate "2014.08.29"]
[SourceVersion "1"]
[SourceVersionDate "2014.08.29"]
[SourceQuality "1"]

1. e4 e5 2. Nf3 Nc6 3. Bc4 Nf6 4. 0-0 Nxe4 5. Re1 d5 6. Bb5 Bg4 7. d3 Nf6 8. Rxe5+ Be7 9. Bxc6+ bxc6 10. Bg5 0-0 11. c3 Bd6 12. Re1 c5 13. Nbd2 h6 14. Bh4 c6 15. Qa4 Rb8 16. Bxf6 Qxf6 17. Qxg4 Rxb2 18. c4 Qc3 19. cxd5 cxd5 20. Nf1 Qxd3 21. Nh4 f5 22. Qg6 Qd4 23. Qe6+ Kh7 24. Qxd6 Qxf2+ 25. Kh1 Qxh4 26. Qxf8 Qf2 27. Ne3 f4 28. Qf5+ Kh8 29. Qxd5 fxe3 30. Rf1 Qc2 31. Rac1 e2 32. Rf8+ Kh7 33. Qf5+ Qxf5 34. Rxf5 Rd2 35. Rg1 c4 36. Re5 c3 37. h3 c2 38. Re1 Rd1 39. R5xe2 c1Q 0-1

[Event "Budapest FS02 FM-B"]
[Site "Budapest"]
[Date "2013.02.06"]
[Round "5"]
[White "Krizsany, Laszlo Sr"]
[Black "Mihajlova, Diana"]
[Result "1-0"]
[WhiteElo "1854"]
[BlackElo "1509"]
[PlyCount "61"]
[EventDate "2013.02.02"]
[EventType "tourn"]
[EventRounds "10"]
[EventCountry "HUN"]
[SourceTitle "CBM 152 Extra"]
[Source "ChessBase"]
[SourceDate "2013.02.25"]
[SourceVersion "1"]
[SourceVersionDate "2013.02.25"]
[SourceQuality "1"]

1. d4 Nf6 2. c4 e5 3. dxe5 Ne4 4. Nd2 Bb4 5. a3 Bxd2+ 6. Bxd2 Nc6 7. Nf3 0-0 8. Qc2 d5 9. exd6 Bf5 10. dxc7 Qxc7 11. Qc1 Rad8 12. e3 Na5 13. Bxa5 Qxa5+ 14. b4 Qc7 15. Be2 Qe7 16. Qb2 Rfe8 17. 0-0 Bg4 18. Rad1 Rc8 19. c5 Ng5 20. Nxg5 Bxe2 21. Qxe2 Qxg5 22. Qf3 Rc7 23. Rd5 Qe7 24. Rfd1 h6 25. h3 Ra8 26. Qf5 Qe8 27. Rd7 g6 28. Qd5 Rc6 29. Rxb7 Ra6 30. Rxf7 Rd8 31. Rd7+ 1-0

[Event "Budapest FS12 FM-B"]
[Site "Budapest"]
[Date "2012.12.10"]
[Round "9"]
[White "Engelbrecht, Imre"]
[Black "Mihajlova, Diana"]
[Result "1-0"]
[WhiteElo "1640"]
[BlackElo "1479"]
[PlyCount "85"]
[EventDate "2012.12.01"]
[EventType "tourn"]
[EventRounds "10"]
[EventCountry "HUN"]
[SourceTitle "EXT 2014"]
[Source "ChessBase"]
[SourceDate "2013.11.20"]
[SourceVersion "1"]
[SourceVersionDate "2013.11.20"]
[SourceQuality "1"]

1. e4 c5 2. Bc4 a6 3. a4 Nf6 4. Nc3 e6 5. Qe2 Nc6 6. Nf3 Nb4 7. d3 Qc7 8. 0-0 d6 9. Re1 Be7 10. Bg5 0-0 11. h3 e5 12. Qd2 Bd7 13. Nd1 b5 14. Bxf6 Bxf6 15. Bb3 a5 16. axb5 Bxb5 17. Nc3 Bd7 18. Nd5 Nxd5 19. Bxd5 Ra7 20. b3 Bd8 21. Ra3 Qc8 22. Kh2 h6 23. Rea1 g5 24. Rh1 Be6 25. Bxe6 Qxe6 26. g4 Qg6 27. Raa1 h5 28. Kg2 f6 29. Rh2 Rff7 30. Qc3 Bb6 31. Qc4 Kf8 32. Qe6 hxg4 33. hxg4 Rad7 34. Nxe5 dxe5 35. Qxb6 Qg8 36. Qxc5+ Ke8 37. Rxa5 Rh7 38. Ra8+ Rd8 39. Rxd8+ Kxd8 40. Qd6+ Ke8 41. Qb8+ Kf7 42. Rxh7+ Kg6 43. Qxg8# 1-0

[Event "Budapest FS12 FM-B"]
[Site "Budapest"]
[Date "2012.12.06"]
[Round "5"]
[White "Nemeth, Otto"]
[Black "Mihajlova, Diana"]
[Result "0-1"]
[WhiteElo "1781"]
[BlackElo "1479"]
[PlyCount "104"]
[EventDate "2012.12.01"]
[EventType "tourn"]
[EventRounds "10"]
[EventCountry "HUN"]
[SourceTitle "EXT 2014"]
[Source "ChessBase"]
[SourceDate "2013.11.20"]
[SourceVersion "1"]
[SourceVersionDate "2013.11.20"]
[SourceQuality "1"]

1. e4 c5 2. Bc4 Nc6 3. Nc3 e6 4. Nf3 a6 5. a4 Qc7 6. d3 Nf6 7. h3 Be7 8. Be3 Ne5 9. Nxe5 Qxe5 10. f4 Qc7 11. Qf3 d6 12. g4 Nd7 13. a5 b6 14. axb6 Nxb6 15. b3 Bb7 16. g5 Rd8 17. Bxa6 d5 18. Bxb7 Qxb7 19. 0-0 d4 20. Bd2 dxc3 21. Bxc3 0-0 22. h4 f5 23. gxf6 Bxf6 24. Bxf6 Rxf6 25. Kh2 Nd7 26. Qg4 Rg6 27. Qh3 Qc7 28. Rf3 Nf6 29. Rg1 Rh6 30. Qxe6+ Kh8 31. Kh3 Nh5 32. Qf5 Re8 33. e5 Qd8 34. Rg4 Qa8 35. Qe4 Qa1 36. Rf2 Nf6 37. Qc6 Nd7 38. Qxd7 Qh1+ 39. Kg3 Qg1+ 40. Kf3 Qh1+ 41. Rgg2 Qd1+ 42. Ke4 Rg8 43. Qe7 Qe1+ 44. Kd5 Qb4 45. e6 Qd4+ 46. Kc6 Qb4 47. Qd7 Qa5 48. f5 Rxh4 49. f6 Qa6+ 50. Kxc5 Rc8+ 51. Kd5 Qa5+ 52. Kd6 Qc5# 0-1

[Event "Budapest FS12 FM-B"]
[Site "Budapest"]
[Date "2012.12.01"]
[Round "1"]
[White "Mihajlova, Diana"]
[Black "Bella, Zsolt"]
[Result "1/2-1/2"]
[WhiteElo "1479"]
[BlackElo "1401"]
[PlyCount "95"]
[EventDate "2012.12.01"]
[EventType "tourn"]
[EventRounds "10"]
[EventCountry "HUN"]
[SourceTitle "EXT 2014"]
[Source "ChessBase"]
[SourceDate "2013.11.20"]
[SourceVersion "1"]
[SourceVersionDate "2013.11.20"]
[SourceQuality "1"]

1. e4 d6 2. d4 g6 3. Be3 Bg7 4. Bc4 Nf6 5. f3 Nc6 6. Qd2 a6 7. e5 dxe5 8. d5 Nb8 9. Nc3 b5 10. Bb3 0-0 11. Nge2 Bb7 12. g4 Ne8 13. Ng3 Nd6 14. h4 f5 15. Bh6 Nc4 16. Bxc4 bxc4 17. 0-0-0 Nd7 18. Bxg7 Kxg7 19. gxf5 Nf6 20. fxg6 hxg6 21. h5 Rh8 22. Rdg1 Bc8 23. h6+ Kf7 24. Qg5 Qd6 25. Nf5 Bxf5 26. Rh4 c6 27. Ne4 Qxd5 28. Rd1 Qa5 29. a3 Rad8 30. Rxd8 Rxd8 31. Rh1 Nxe4 32. fxe4 Bxe4 33. Rf1+ Bf5 34. Kb1 e6 35. Qe3 Rd7 36. h7 Kg7 37. Rh1 Kh8 38. Qg5 Rxh7 39. Qf6+ Kg8 40. Rd1 Rg7 41. Rd8+ Qxd8 42. Qxd8+ Kh7 43. Qh4+ Kg8 44. Qxc4 g5 45. Qxc6 g4 46. Qa8+ Kh7 47. Qh1+ Kg8 48. Qa8+ 1/2-1/2

[Event "Budapest FS11 FM-C"]
[Site "Budapest"]
[Date "2012.11.12"]
[Round "9"]
[White "Mihajlova, Diana"]
[Black "Szabo, Miklos"]
[Result "1-0"]
[WhiteElo "1445"]
[BlackElo "1342"]
[PlyCount "52"]
[EventDate "2012.11.03"]
[EventType "tourn"]
[EventRounds "10"]
[EventCountry "HUN"]
[SourceTitle "CBM 151 Extra"]
[Source "ChessBase"]
[SourceDate "2012.12.18"]
[SourceVersion "1"]
[SourceVersionDate "2012.12.18"]
[SourceQuality "1"]

1. e4 e5 2. Nf3 Nc6 3. Bc4 Bc5 4. c3 d6 5. d4 exd4 6. b4 Bb6 7. b5 Ne5 8. Bd5 Nxf3+ 9. Qxf3 Qf6 10. Qd3 dxc3 11. 0-0 c2 12. Qxc2 Qxa1 13. Bb2 Qxb2 14. Qxb2 f6 15. a4 Ne7 16. Qe2 Nxd5 17. exd5+ Kf7 18. Re1 Rf8 19. Qh5+ Kg8 20. Re7 Ba5 21. Na3 c5 22. Nc4 Bd8 23. Re8 Bd7 24. Rxf8+ Kxf8 25. Nxd6 g6 26. Qxh7 Be7 1-0

[Event "Budapest FS11 FM-C"]
[Site "Budapest"]
[Date "2012.11.07"]
[Round "4"]
[White "Szabo, Miklos"]
[Black "Mihajlova, Diana"]
[Result "0-1"]
[WhiteElo "1342"]
[BlackElo "1445"]
[PlyCount "73"]
[EventDate "2012.11.03"]
[EventType "tourn"]
[EventRounds "10"]
[EventCountry "HUN"]
[SourceTitle "EXT 2013"]
[Source "ChessBase"]
[SourceDate "2012.11.22"]
[SourceVersion "1"]
[SourceVersionDate "2012.11.22"]
[SourceQuality "1"]

1. e4 c5 2. Nf3 e6 3. d4 cxd4 4. Nxd4 a6 5. c4 Qc7 6. Be2 Nf6 7. Nd2 Bb4 8. Qc2 Nc6 9. N4f3 Ne5 10. 0-0 Nxf3+ 11. Nxf3 b5 12. Bg5 Ng4 13. Rac1 Qb8 14. cxb5 Bd6 15. g3 axb5 16. b3 f6 17. Bd2 h5 18. Nd4 Ba6 19. b4 Ne5 20. a4 h4 21. axb5 Bb7 22. b6 hxg3 23. fxg3 Nc6 24. Nf3 Bxg3 25. e5 Bxe5 26. Nxe5 Qxe5 27. Qg6+ Kf8 28. Bf4 Qd4+ 29. Rf2 Ne5 30. Bxe5 Qxe5 31. Bf1 Be4 32. Rc5 Qd4 33. Qg3 Rh6 34. b7 Bxb7 35. Rg5 f5 36. b5 Qd5 37. Rxg7 0-1

[Event "Budapest FS09 FM-B"]
[Site "Budapest"]
[Date "2012.09.07"]
[Round "6"]
[White "Mihajlova, Diana"]
[Black "Gruz, Janos"]
[Result "0-1"]
[WhiteElo "1456"]
[BlackElo "1820"]
[PlyCount "96"]
[EventDate "2012.09.01"]
[EventType "tourn"]
[EventRounds "9"]
[EventCountry "HUN"]
[SourceTitle "CBM 150 Extra"]
[Source "ChessBase"]
[SourceDate "2012.10.19"]
[SourceVersion "1"]
[SourceVersionDate "2012.10.19"]
[SourceQuality "1"]

1. e4 d6 2. Bc4 c6 3. Nf3 Nf6 4. Nc3 e6 5. d4 Be7 6. e5 dxe5 7. Nxe5 0-0 8. Bf4 Nbd7 9. Qe2 Nb6 10. Rd1 Nbd5 11. Bd2 Bd7 12. Ne4 b5 13. Bb3 a5 14. a4 b4 15. 0-0 Rc8 16. Bg5 Nxe4 17. Bxe7 Qxe7 18. Qxe4 Nf6 19. Qe1 Rfd8 20. c4 Be8 21. c5 Rc7 22. Qe2 Ra7 23. Bc2 Rd5 24. Nc4 Qd8 25. Nd6 Rxd6 26. cxd6 Qxd6 27. h3 Rb7 28. Rd3 Nd5 29. Rg3 g6 30. h4 Nf4 31. Qf3 f5 32. h5 Rg7 33. h6 Rc7 34. Re1 Bf7 35. Rg5 Kf8 36. d5 Nxd5 37. Qd3 Qf4 38. Qg3 Qd2 39. Qd6+ Ke8 40. Rxe6+ Bxe6 41. Qxe6+ Ne7 42. Qf6 Qxc2 43. Qh8+ Kd7 44. Qxh7 Qc1+ 45. Kh2 Qxg5 46. Qg7 Qh4+ 47. Kg1 Rc8 48. h7 Ke6 0-1

[Event "Budapest FS07 FM-B"]
[Site "Budapest"]
[Date "2012.07.16"]
[Round "10"]
[White "Sandor, Laszlo"]
[Black "Mihajlova, Diana"]
[Result "0-1"]
[WhiteElo "1490"]
[BlackElo "1431"]
[PlyCount "38"]
[EventDate "2012.07.07"]
[EventType "tourn"]
[EventRounds "11"]
[EventCountry "HUN"]
[SourceTitle "CBM 149 Extra"]
[Source "ChessBase"]
[SourceDate "2012.08.24"]
[SourceVersion "1"]
[SourceVersionDate "2012.08.24"]
[SourceQuality "1"]

1. e4 d5 2. exd5 Nf6 3. d4 Bf5 4. Nf3 c6 5. dxc6 Nxc6 6. c3 e6 7. Nh4 Bxb1 8. Rxb1 Qd5 9. Ra1 Qe4+ 10. Qe2 Qxh4 11. g3 Qe4 12. Qxe4 Nxe4 13. Bg2 Nf6 14. 0-0 Bd6 15. Bd2 0-0-0 16. Rfe1 Ne7 17. Re2 h5 18. h3 Nh7 19. Rae1 g5 0-1

[Event "Budapest FS07 FM-B"]
[Site "Budapest"]
[Date "2012.07.12"]
[Round "6"]
[White "Mihajlova, Diana"]
[Black "Balla, Attila"]
[Result "1-0"]
[WhiteElo "1431"]
[BlackElo "1782"]
[PlyCount "105"]
[EventDate "2012.07.07"]
[EventType "tourn"]
[EventRounds "11"]
[EventCountry "HUN"]
[SourceTitle "CBM 149 Extra"]
[Source "ChessBase"]
[SourceDate "2012.08.24"]
[SourceVersion "1"]
[SourceVersionDate "2012.08.24"]
[SourceQuality "1"]

1. e4 e5 2. Nf3 Nc6 3. Bc4 Bc5 4. c3 Nf6 5. 0-0 Nxe4 6. d4 exd4 7. cxd4 Bb6 8. Bd5 Nf6 9. Re1+ Ne7 10. Bb3 d5 11. Bg5 Ne4 12. Bxe7 Kxe7 13. Nc3 c6 14. Nxe4 dxe4 15. Rxe4+ Kf8 16. Rf4 f6 17. Ng5 Qe8 18. Nf7 Rg8 19. Qd2 Be6 20. Re1 Qxf7 21. Bxe6 Qh5 22. Bxg8 Bc7 23. Bxh7 Bxf4 24. Qxf4 Qxh7 25. Qd6+ Kg8 26. Qd7 g5 27. Qxh7+ Kxh7 28. Re7+ Kg6 29. Rxb7 Kf5 30. f3 Rd8 31. Rb4 Rd7 32. Rc4 Rd6 33. Kf2 Ke6 34. Ke3 Kd5 35. Kd3 Re6 36. Rc5+ Kd6 37. Kd2 Re7 38. Rf5 Ke6 39. g4 Rh7 40. Kc3 Rxh2 41. a4 Re2 42. b4 Re1 43. Kd2 Rb1 44. b5 Ra1 45. bxc6 Rxa4 46. Kc3 Ra6 47. Rc5 Ra1 48. Kd2 Ra2+ 49. Kd3 Ra3+ 50. Rc3 Rxc3+ 51. Kxc3 Kd6 52. d5 Kc7 53. Kb4 1-0

[Event "Budapest FS07 FM-B"]
[Site "Budapest"]
[Date "2012.07.11"]
[Round "5"]
[White "Prohaszka, Gyula Imre"]
[Black "Mihajlova, Diana"]
[Result "0-1"]
[WhiteElo "1260"]
[BlackElo "1431"]
[PlyCount "101"]
[EventDate "2012.07.07"]
[EventType "tourn"]
[EventRounds "11"]
[EventCountry "HUN"]
[SourceTitle "CBM 149 Extra"]
[Source "ChessBase"]
[SourceDate "2012.08.24"]
[SourceVersion "1"]
[SourceVersionDate "2012.08.24"]
[SourceQuality "1"]

1. d4 Nf6 2. c4 e5 3. dxe5 Ne4 4. e3 b6 5. Bd3 Bb7 6. Qf3 Nc5 7. e4 Nxd3+ 8. Qxd3 Nc6 9. Nf3 Nb4 10. Qe2 d6 11. 0-0 Qd7 12. exd6 Bxd6 13. Rd1 Qe7 14. e5 0-0 15. Nc3 Bxf3 16. Qxf3 Rae8 17. Be3 Bxe5 18. a3 Nc2 19. Rac1 Nxe3 20. Qxe3 c6 21. Re1 Qd8 22. Kh1 Qh4 23. h3 Bf4 24. Qxe8 Bxc1 25. Qe4 Qh6 26. Qc2 Bd2 27. Re7 Qf6 28. Rxa7 Qxf2 29. Ne4 Qf1+ 30. Kh2 Be3 31. Rd7 Qf4+ 32. g3 Qf1 33. Rd1 Qf3 34. Qd3 f5 35. Nc3 Qf2+ 36. Kh1 Qxg3 37. Qf1 f4 38. a4 f3 39. b4 f2 40. Ne2 Qf3+ 41. Kh2 h5 42. a5 h4 43. a6 Bf4+ 44. Nxf4 Qxf4+ 45. Kh1 b5 46. cxb5 cxb5 47. a7 Qf3+ 48. Kh2 Qf4+ 49. Kh1 Qxb4 50. Kg2 Qe4+ 51. Kh2 0-1

[Event "Budapest FS05 FM-B"]
[Site "Budapest"]
[Date "2012.05.14"]
[Round "10"]
[White "Mihajlova, Diana"]
[Black "Nemeth, Otto"]
[Result "0-1"]
[WhiteElo "1410"]
[BlackElo "1858"]
[PlyCount "79"]
[EventDate "2012.05.05"]
[EventType "tourn"]
[EventRounds "11"]
[EventCountry "HUN"]
[SourceTitle "CBM 148 Extra"]
[Source "ChessBase"]
[SourceDate "2012.06.22"]
[SourceVersion "1"]
[SourceVersionDate "2012.06.22"]
[SourceQuality "1"]

1. e4 c5 2. Nf3 Nc6 3. d4 cxd4 4. Nxd4 d6 5. Nc3 Bd7 6. Be2 Nf6 7. Bg5 Qb6 8. Nb3 e6 9. Qd2 Be7 10. Bxf6 gxf6 11. Na4 Qb4 12. Nc3 a6 13. a3 Qb6 14. Na4 Qc7 15. Qe3 Bd8 16. 0-0 h5 17. Qg3 Kf8 18. Rad1 Ne5 19. Nc3 h4 20. Qh3 Ng6 21. Bg4 Qb6 22. Nd5 Qa7 23. Nd4 Ne5 24. Ne3 Ke7 25. f4 Nxg4 26. Qxg4 Bb6 27. c3 Rag8 28. Qe2 e5 29. Nd5+ Kd8 30. Nxf6 Rg7 31. fxe5 dxe5 32. Nxd7 Kxd7 33. Qc4 Re8 34. Rxf7+ Rxf7 35. Qxf7+ Re7 36. Qd5+ Kc7 37. Qc4+ Kd8 38. Qd5+ Kc8 39. Qc4+ Bc7 40. Kh1 0-1

[Event "Budapest FS05 FM-B"]
[Site "Budapest"]
[Date "2012.05.13"]
[Round "9"]
[White "Mirza, Solyom"]
[Black "Mihajlova, Diana"]
[Result "1-0"]
[WhiteElo "1671"]
[BlackElo "1410"]
[PlyCount "77"]
[EventDate "2012.05.05"]
[EventType "tourn"]
[EventRounds "11"]
[EventCountry "HUN"]
[SourceTitle "CBM 148 Extra"]
[Source "ChessBase"]
[SourceDate "2012.06.22"]
[SourceVersion "1"]
[SourceVersionDate "2012.06.22"]
[SourceQuality "1"]

1. e4 c5 2. Nf3 d6 3. d4 cxd4 4. Nxd4 a6 5. Nc3 Nf6 6. Bc4 e6 7. Bb3 Be7 8. 0-0 0-0 9. f4 e5 10. Nf5 Bxf5 11. exf5 e4 12. g4 b5 13. Nxe4 Nxe4 14. Bd5 Qb6+ 15. Kg2 Nd7 16. Bxe4 Rac8 17. g5 Rc4 18. Re1 Rd4 19. Qh5 d5 20. Bd3 Nc5 21. Rxe7 Nxd3 22. cxd3 Qc5 23. f6 Qc2+ 24. Re2 Qxd3 25. fxg7 Kxg7 26. b3 Kg8 27. Qf3 Qf5 28. Re5 Qc2+ 29. Qf2 Rc8 30. Re8+ Rxe8 31. Qxc2 Rde4 32. Kf2 Re1 33. Bb2 R1e4 34. Be5 h6 35. Rg1 hxg5 36. Rxg5+ Kh7 37. Rh5+ Kg6 38. Rg5+ Kh6 39. Qd1 1-0

[Event "Budapest FS05 FM-B"]
[Site "Budapest"]
[Date "2012.05.12"]
[Round "8"]
[White "Mihajlova, Diana"]
[Black "Gruz, Janos"]
[Result "1-0"]
[WhiteElo "1410"]
[BlackElo "1858"]
[PlyCount "69"]
[EventDate "2012.05.05"]
[EventType "tourn"]
[EventRounds "11"]
[EventCountry "HUN"]
[SourceTitle "CBM 148 Extra"]
[Source "ChessBase"]
[SourceDate "2012.06.22"]
[SourceVersion "1"]
[SourceVersionDate "2012.06.22"]
[SourceQuality "1"]

1. e4 d6 2. d4 Nf6 3. Nc3 c6 4. Be3 g6 5. Qd2 Bg7 6. Bh6 0-0 7. 0-0-0 Qc7 8. Bd3 b5 9. f3 d5 10. Bxg7 Kxg7 11. g4 e5 12. Nce2 Be6 13. h4 Nbd7 14. h5 Rh8 15. Nh3 h6 16. Ng3 a5 17. Qg2 g5 18. Nf5+ Bxf5 19. gxf5 Rhg8 20. f4 exf4 21. e5 Nh7 22. Nxf4 a4 23. f6+ Nhxf6 24. exf6+ Nxf6 25. Ne2 a3 26. b3 Rge8 27. Ng3 Qf4+ 28. Rd2 Kh8 29. c3 b4 30. Rf1 Qd6 31. Nf5 Qf8 32. c4 Ne4 33. Bxe4 Rxe4 34. c5 Rae8 35. Kc2 1-0

[Event "Budapest FS05 FM-B"]
[Site "Budapest"]
[Date "2012.05.10"]
[Round "6"]
[White "Mihajlova, Diana"]
[Black "Somogyi, Theodora"]
[Result "1-0"]
[WhiteElo "1410"]
[BlackElo "1252"]
[PlyCount "89"]
[EventDate "2012.05.05"]
[EventType "tourn"]
[EventRounds "11"]
[EventCountry "HUN"]
[SourceTitle "CBM 148 Extra"]
[Source "ChessBase"]
[SourceDate "2012.06.22"]
[SourceVersion "1"]
[SourceVersionDate "2012.06.22"]
[SourceQuality "1"]

1. e4 c5 2. Nf3 Nc6 3. d4 cxd4 4. Nxd4 e5 5. Nf3 Nf6 6. Bg5 Be7 7. Nc3 0-0 8. Bxf6 Bxf6 9. Nd5 d6 10. Be2 Nd4 11. Nxd4 exd4 12. 0-0 Be6 13. Nxf6+ Qxf6 14. f4 Rae8 15. Bd3 a6 16. f5 d5 17. fxe6 Qxe6 18. Rf4 g6 19. Qf3 Rd8 20. Re1 Qc6 21. e5 Qb6 22. b3 Qb4 23. Rf1 Qe7 24. Re1 Qe6 25. Rf6 Qd7 26. Qg3 Rde8 27. Bf5 Qc7 28. Rd6 Rd8 29. Rf6 Rde8 30. h4 Kh8 31. Bd3 Rg8 32. Qf4 Re7 33. Qxd4 h6 34. e6 Kh7 35. h5 Qg3 36. Re2 Rg7 37. hxg6+ fxg6 38. Qxd5 h5 39. Qxh5+ Kg8 40. Bxg6 Qc7 41. Ref2 Qd8 42. Rf8+ Qxf8 43. Rxf8+ Kxf8 44. Qh8+ Rg8 45. Qf6+ 1-0

[Event "Budapest FS05 FM-B"]
[Site "Budapest"]
[Date "2012.05.08"]
[Round "4"]
[White "Vasilev, Sergey"]
[Black "Mihajlova, Diana"]
[Result "0-1"]
[WhiteElo "1462"]
[BlackElo "1410"]
[PlyCount "69"]
[EventDate "2012.05.05"]
[EventType "tourn"]
[EventRounds "11"]
[EventCountry "HUN"]
[SourceTitle "CBM 148 Extra"]
[Source "ChessBase"]
[SourceDate "2012.06.22"]
[SourceVersion "1"]
[SourceVersionDate "2012.06.22"]
[SourceQuality "1"]

1. b4 e5 2. Bb2 d6 3. Nf3 Be6 4. d4 e4 5. d5 Bf5 6. Nd4 Bg6 7. c4 c6 8. g3 Nf6 9. dxc6 bxc6 10. Bh3 Be7 11. Qa4 0-0 12. Nxc6 Nxc6 13. Qxc6 d5 14. c5 d4 15. 0-0 Bh5 16. Qb5 Bg4 17. Bxg4 Nxg4 18. Rd1 Bf6 19. Qc4 Ne5 20. Qc1 Bg5 21. Qc2 d3 22. exd3 exd3 23. Qb3 Nf3+ 24. Kg2 Nd4 25. Bxd4 Qxd4 26. Nc3 Bf6 27. Rac1 Rfe8 28. Rf1 d2 29. Rc2 Re1 30. Nd1 Rxf1 31. Kxf1 Re8 32. Rc4 Re1+ 33. Kg2 Qd5+ 34. Kh3 Qh5+ 35. Kg2 0-1

[Event "Budapest FS05 FM-B"]
[Site "Budapest"]
[Date "2012.05.07"]
[Round "3"]
[White "Mihajlova, Diana"]
[Black "Nagy, Peter"]
[Result "1-0"]
[WhiteElo "1410"]
[BlackElo "1538"]
[PlyCount "47"]
[EventDate "2012.05.05"]
[EventType "tourn"]
[EventRounds "11"]
[EventCountry "HUN"]
[SourceTitle "CBM 148 Extra"]
[Source "ChessBase"]
[SourceDate "2012.06.22"]
[SourceVersion "1"]
[SourceVersionDate "2012.06.22"]
[SourceQuality "1"]

1. e4 Nf6 2. e5 Nd5 3. d4 e6 4. Nf3 c5 5. c4 Nb6 6. d5 d6 7. Nc3 dxe5 8. Nxe5 Qf6 9. Nf3 exd5 10. cxd5 Bd6 11. Ne4 Qe7 12. Bb5+ N8d7 13. 0-0 0-0 14. Bg5 f6 15. Nxd6 Qxd6 16. Bh4 a6 17. Bd3 h5 18. Bg3 Ne5 19. Bxe5 fxe5 20. Ng5 Bf5 21. Bxf5 Rxf5 22. Ne4 Qh6 23. d6 Nd7 24. Qd5+ 1-0

[Event "Budapest FS05 FM-B"]
[Site "Budapest"]
[Date "2012.05.05"]
[Round "1"]
[White "Mihajlova, Diana"]
[Black "Mayer, Istvan"]
[Result "0-1"]
[WhiteElo "1410"]
[BlackElo "2038"]
[PlyCount "44"]
[EventDate "2012.05.05"]
[EventType "tourn"]
[EventRounds "11"]
[EventCountry "HUN"]
[SourceTitle "CBM 148 Extra"]
[Source "ChessBase"]
[SourceDate "2012.06.22"]
[SourceVersion "1"]
[SourceVersionDate "2012.06.22"]
[SourceQuality "1"]

1. e4 e6 2. d3 d5 3. Nd2 c5 4. Be2 Nc6 5. c3 Nge7 6. Ngf3 Ng6 7. Nb3 c4 8. Nbd4 cxd3 9. Bxd3 Bc5 10. Be3 Bb6 11. Nxc6 bxc6 12. Bg5 f6 13. Bd2 e5 14. exd5 cxd5 15. Bxg6+ hxg6 16. Qa4+ Kf7 17. 0-0 Qc7 18. h3 g5 19. Be3 g4 20. hxg4 e4 21. g3 Bxe3 22. Kg2 Bxg4 0-1